[Event "Lliga Catalana DH"]
[Site "?"]
[Date "2018.01.27"]
[Round "2.4"]
[White "Triadu Cassa, Jordi"]
[Black "Perez Garcia, Adria"]
[Result "1-0"]
[WhiteElo "2323"]
[BlackElo "2243"]
[PlyCount "117"]
[EventDate "2018.??.??"]
[WhiteTeam "OLO"]
[BlackTeam "PIP"]

1. e4 c6 2. d4 d5 3. Nc3 dxe4 4. Nxe4 Bf5 5. Ng3 Bg6 6. h4 h6 7. Nf3 Nd7 8. h5
Bh7 9. Bd3 Bxd3 10. Qxd3 e6 11. Bd2 Ngf6 12. Qe2 a5 13. O-O-O Bb4 14. c3 Be7
15. Ne5 c5 16. Rhe1 Ra6 17. dxc5 O-O 18. Nxd7 Qxd7 19. Bg5 Qc7 20. Bxf6 Bxf6
21. Ne4 Be7 22. Rd3 Bxc5 23. Red1 f5 24. Nxc5 Qxc5 25. Rd7 Rb6 26. R1d2 a4 27.
a3 Rc8 28. Qf3 Qe5 29. Rxb7 Rxb7 30. Qxb7 Rb8 31. Qd7 Kh7 32. Qxa4 Qe1+ 33. Qd1
Qe4 34. g3 Qc4 35. Qe2 Qa4 36. Qd3 Qb3 37. Qc2 Qc4 38. Qd3 Qb3 39. Qc2 Qc4 40.
Kb1 Qg4 41. Qd1 Qe4+ 42. Ka1 Rb6 43. Qe2 Qa4 44. Rd4 Qc6 45. Ka2 Qc5 46. f4 Qc6
47. Qd3 Qg2 48. Rb4 Rc6 49. Rb8 Qh1 50. Qd8 Qd5+ 51. Qxd5 exd5 52. a4 g5 53.
Rb7+ Kg8 54. a5 Rc5 55. b4 Rxc3 56. a6 Rc6 57. a7 Ra6+ 58. Kb3 Kf8 59. Rb8+ 1-0

[Event "Lliga Catalana DH"]
[Site "?"]
[Date "2018.01.27"]
[Round "2.5"]
[White "Martinez Lopez, Carlos"]
[Black "Aymerich Verdaguer, Eduard"]
[Result "0-1"]
[WhiteElo "2174"]
[BlackElo "2315"]
[PlyCount "90"]
[EventDate "2018.??.??"]
[WhiteTeam "PIP"]
[BlackTeam "OLO"]

1. e4 c5 2. Nf3 e6 3. d4 cxd4 4. Nxd4 Nc6 5. Nc3 Qc7 6. f4 d6 7. Be3 Nf6 8. Be2
a6 9. Qd2 Be7 10. O-O-O Bd7 11. Kb1 b5 12. Bxb5 axb5 13. Ndxb5 Qa5 14. Nxd6+
Kf8 15. Nb7 Qc7 16. e5 Nd5 17. Nxd5 exd5 18. Nc5 Bf5 19. Nb3 Nb4 20. Nd4 Rxa2
21. Qc3 Qa5 22. Kc1 Bd7 23. f5 Qa6 24. Kd2 Nc6 25. Nxc6 Bxc6 26. f6 Bd8 27.
Bc5+ Ke8 28. Rhf1 gxf6 29. exf6 Kd7 30. Qe5 Re8 31. Qd6+ Kc8 32. Rde1 Re4 33.
Rxe4 dxe4 34. Rd1 Bc7 35. Qf8+ Kb7 36. Qxf7 Rxb2 37. Kc3 Rb5 38. Bb4 Qb6 39.
Rd4 e3 40. Qe7 Re5 41. f7 e2 42. Kd3 Rxe7 43. f8=Q Qb5+ 44. Rc4 Re8 45. Qf2 Bd5
0-1

[Event "Lliga Catalana DH"]
[Site "?"]
[Date "2018.01.27"]
[Round "2.6"]
[White "Vinardell Cruañas, Sergi"]
[Black "Garcia Castellote, Daniel"]
[Result "1/2-1/2"]
[WhiteElo "2291"]
[BlackElo "2166"]
[PlyCount "78"]
[EventDate "2018.??.??"]
[WhiteTeam "OLO"]
[BlackTeam "PIP"]

1. e4 c5 2. Nf3 e6 3. d4 cxd4 4. Nxd4 Nf6 5. Nc3 Nc6 6. Ndb5 Bb4 7. a3 Bxc3+ 8.
Nxc3 d5 9. exd5 exd5 10. Bd3 O-O 11. O-O d4 12. Ne4 Bf5 13. Bg5 Bxe4 14. Bxe4
h6 15. Bxf6 Qxf6 16. Re1 Rfd8 17. Qe2 a6 18. Bd3 g6 19. Qd2 Kg7 20. Re4 Ne5 21.
Rae1 Nxd3 22. Qxd3 Rac8 23. h3 Qb6 24. Re7 Qxb2 25. Qf3 Rf8 26. Rxb7 Qxc2 27.
Ree7 Qc4 28. Qe4 d3 29. Qxc4 Rxc4 30. Red7 Rc3 31. a4 Rc1+ 32. Kh2 Rc4 33. Rxd3
Rxa4 34. Ra7 Rf4 35. Kg3 Rf6 36. Ra3 Rd8 37. R3xa6 Rxa6 38. Rxa6 Rd4 39. Rb6 h5
1/2-1/2

[Event "Lliga Catalana DH"]
[Site "?"]
[Date "2018.01.27"]
[Round "2.7"]
[White "Subirachs Mancebo, Guillem"]
[Black "Serrat Rifa, Ernest"]
[Result "1-0"]
[WhiteElo "2208"]
[BlackElo "2269"]
[PlyCount "131"]
[EventDate "2018.??.??"]
[WhiteTeam "PIP"]
[BlackTeam "OLO"]

1. e4 e5 2. Nf3 Nc6 3. d4 exd4 4. Nxd4 Bc5 5. Nb3 Bb6 6. a4 a6 7. Nc3 Nf6 8.
Be2 h6 9. O-O O-O 10. Kh1 Re8 11. f3 d6 12. Nd5 Nxd5 13. exd5 Ne7 14. a5 Ba7
15. c4 Nf5 16. Bd3 Qh4 17. Bxf5 Bxf5 18. Ra4 Bf2 19. Bf4 Ba7 20. Qd2 Re7 21.
Bg3 Qf6 22. Nc1 Rae8 23. Bf2 Bxf2 24. Qxf2 Qe5 25. h3 Qe3 26. Qxe3 Rxe3 27. Rb4
Bc8 28. Kg1 f5 29. Kf2 f4 30. Rd1 g5 31. Rd2 Kg7 32. Ne2 Kf6 33. Nd4 R8e7 34.
Nc2 R3e5 35. Nd4 Re1 36. Nc2 Rc1 37. Rb3 Bf5 38. Rc3 Rb1 39. Nd4 Ree1 40. Nxf5
Kxf5 41. Rb3 Rf1+ 42. Ke2 Rbe1+ 43. Kd3 Re3+ 44. Kc2 Rxb3 45. Kxb3 h5 46. Kc3
g4 47. hxg4+ hxg4 48. fxg4+ Kxg4 49. Kd3 Kg3 50. Ke4 Re1+ 51. Kf5 Re5+ 52. Kf6
Re4 53. Rc2 Kg4 54. b4 Re3 55. b5 axb5 56. cxb5 Ra3 57. Rxc7 Rxa5 58. Rg7+ Kh4
59. Rxb7 Kg3 60. Rg7+ Kf2 61. Ke6 Rxb5 62. Kxd6 Rb1 63. Ke5 Rd1 64. d6 Ke3 65.
d7 Rd2 66. Ke6 1-0

[Event "Lliga Catalana DH"]
[Site "?"]
[Date "2018.01.27"]
[Round "2.8"]
[White "Pinyol Clapera, David"]
[Black "Pulido Leon, Manuel"]
[Result "1/2-1/2"]
[WhiteElo "2239"]
[BlackElo "2183"]
[PlyCount "141"]
[EventDate "2018.??.??"]
[WhiteTeam "OLO"]
[BlackTeam "PIP"]

1. e4 e6 2. c4 c5 3. Nc3 Nc6 4. Nf3 Nge7 5. Be2 d5 6. d4 dxe4 7. Nxe4 Nxd4 8.
Nxd4 cxd4 9. O-O Nc6 10. Bg5 Be7 11. Bxe7 Qxe7 12. c5 O-O 13. a3 a5 14. Nd6 e5
15. Rb1 a4 16. b4 axb3 17. Rxb3 Ra5 18. Qc1 e4 19. Bc4 Qe5 20. Re1 e3 21. fxe3
Rxc5 22. Nb5 dxe3 23. Rbxe3 Qg5 24. Nd6 Ne5 25. Ne4 Rxc4 26. Nxg5 Rxc1 27. Rxc1
f6 28. Nf3 Nc6 29. Rd1 Bf5 30. Rd5 Bg4 31. Rb5 Bxf3 32. gxf3 Nd8 33. Rd5 Nc6
34. Rd7 Rb8 35. Rb3 b5 36. f4 Na5 37. Rb4 Nc6 38. Rb1 b4 39. axb4 Rxb4 40. Rc1
Rd4 41. Rc7 Nd8 42. Re1 Kf8 43. f5 Rd5 44. Rce7 Nc6 45. Rc7 Nd4 46. Ra1 Rd8 47.
Ra5 Re8 48. Kg2 Re7 49. Rxe7 Kxe7 50. Rd5 Nc6 51. Kg3 Ne5 52. Kf4 g6 53. Ra5
Nc6 54. Ra8 Nd4 55. Ra7+ Kf8 56. fxg6 hxg6 57. h4 Ne6+ 58. Ke4 Ng7 59. Kd5 Kg8
60. Kd6 Kf8 61. Rb7 Kg8 62. Ke7 Nh5 63. Rb1 Kg7 64. Rg1 Nf4 65. Rg4 Nd5+ 66.
Ke6 Nc7+ 67. Kd6 Ne8+ 68. Kd7 f5 69. Rg1 Nf6+ 70. Ke6 Nh5 71. Ke5 1/2-1/2

[Event "Lliga Catalana DH"]
[Site "?"]
[Date "2018.01.27"]
[Round "2.9"]
[White "Moya Arau, Carles"]
[Black "Vall de Vilamaro, Jordi"]
[Result "0-1"]
[WhiteElo "2153"]
[BlackElo "2227"]
[PlyCount "98"]
[EventDate "2018.??.??"]
[WhiteTeam "PIP"]
[BlackTeam "OLO"]

1. e4 c5 2. Nc3 Nc6 3. f4 g6 4. Nf3 Bg7 5. Bc4 e6 6. O-O Nge7 7. Qe1 O-O 8. d3
Nd4 9. Nxd4 cxd4 10. Ne2 d5 11. Bb3 dxe4 12. dxe4 a5 13. a4 d3 14. Nc3 Nc6 15.
Be3 Nd4 16. Bxd4 Qxd4+ 17. Kh1 Qb4 18. Qd2 Bxc3 19. bxc3 Qxe4 20. cxd3 Qf5 21.
Bc4 Bd7 22. Rae1 Rfd8 23. Re5 Qf6 24. Bb5 Bc6 25. d4 Rd6 26. Qe3 Rc8 27. Rb1
Qd8 28. Rc5 b6 29. Rc4 Bxb5 30. Rxc8 Qxc8 31. Rxb5 Qc4 32. h3 Qxa4 33. Qe5 Qa3
34. c4 Qc1+ 35. Kh2 Qxc4 36. Rxa5 bxa5 37. Qxd6 Qd5 38. Qb8+ Kg7 39. Qa7 Qe4
40. Qxa5 Qxf4+ 41. Kh1 Qxd4 42. Qg5 h6 43. Qe7 h5 44. Qg5 h4 45. Qe7 Qa1+ 46.
Kh2 Qe5+ 47. Kg1 Qf4 48. Qb7 e5 49. Qb2 Qd4+ 0-1

[Event "Lliga Catalana DH"]
[Site "?"]
[Date "2018.01.27"]
[Round "2.10"]
[White "Vilar Lopez, Monica"]
[Black "Cervello Tost, Roger"]
[Result "1-0"]
[WhiteElo "2188"]
[BlackElo "2103"]
[PlyCount "61"]
[EventDate "2018.??.??"]
[WhiteTeam "OLO"]
[BlackTeam "PIP"]

1. e4 e5 2. Nf3 Nc6 3. d4 exd4 4. Nxd4 Nf6 5. Nxc6 bxc6 6. e5 Qe7 7. Qe2 Nd5 8.
c4 Nb6 9. Nc3 Qe6 10. Qe4 g6 11. Bd3 Bg7 12. f4 Ba6 13. b3 O-O 14. O-O d5 15.
cxd5 cxd5 16. Qe2 Bxd3 17. Qxd3 f6 18. Ba3 Rf7 19. f5 gxf5 20. Rxf5 fxe5 21.
Rxf7 Qxf7 22. Rf1 Qe6 23. Qg3 c6 24. h4 Qg6 25. Qh3 Re8 26. Rf5 e4 27. h5 Qe6
28. Qg4 h6 29. Ne2 e3 30. Rf8+ Kh7 31. Qg6+ 1-0

[Event "Lliga Catalana DH"]
[Site "?"]
[Date "2018.02.03"]
[Round "3.1"]
[White "Jerez Perez, Alfonso "]
[Black "Cervello Tost, Ferran "]
[Result "1/2-1/2"]
[WhiteElo "2456"]
[BlackElo "2355"]
[PlyCount "36"]
[EventDate "2018.??.??"]
[WhiteTeam "FOM"]
[BlackTeam "PIP"]

1. e4 c6 2. d4 d5 3. exd5 cxd5 4. c4 Nf6 5. Nc3 g6 6. Qb3 Bg7 7. cxd5 O-O 8.
Be2 Nbd7 9. Bf3 Nb6 10. Nge2 Bf5 11. O-O Bd3 12. d6 exd6 13. Bxb7 Rb8 14. Bf3
Re8 15. Qd1 Ba6 16. Re1 d5 17. b3 Ne4 18. Bb2 Ng5 1/2-1/2

[Event "Lliga Catalana DH"]
[Site "?"]
[Date "2018.02.03"]
[Round "3.2"]
[White "Garcia Ramos, Daniel"]
[Black "Granados Gomez, Manel "]
[Result "1-0"]
[WhiteElo "2336"]
[BlackElo "2446"]
[PlyCount "59"]
[EventDate "2018.??.??"]
[WhiteTeam "PIP"]
[BlackTeam "FOM"]

1. e4 e5 2. Nf3 Nc6 3. Bb5 Nf6 4. d3 d6 5. c3 g6 6. O-O Bg7 7. Re1 O-O 8. Nbd2
Qe8 9. d4 Bd7 10. dxe5 dxe5 11. Nc4 Rd8 12. Bg5 a6 13. Bxc6 Bxc6 14. Qc1 Rc8
15. Nfxe5 Nxe4 16. Bh6 Bd5 17. Bxg7 Kxg7 18. f3 Qe6 19. Ng4 f5 20. fxe4 Bxc4
21. exf5 Qxf5 22. Qh6+ Kh8 23. h3 Qc5+ 24. Kh1 Bd5 25. Re5 Qc6 26. Re7 Bxg2+
27. Kh2 Qd6+ 28. Ne5 Rf7 29. Rxf7 Qxe5+ 30. Kxg2 1-0

[Event "Lliga Catalana DH"]
[Site "?"]
[Date "2018.02.03"]
[Round "3.3"]
[White "Mestre Bellido, Hector "]
[Black "Perez Garcia, Adria"]
[Result "1/2-1/2"]
[WhiteElo "2353"]
[BlackElo "2230"]
[PlyCount "31"]
[EventDate "2018.??.??"]
[WhiteTeam "FOM"]
[BlackTeam "PIP"]

1. Nf3 d5 2. g3 Nf6 3. Bg2 c6 4. O-O Bf5 5. b3 e6 6. Bb2 Be7 7. d3 h6 8. Nbd2
O-O 9. Re1 Bh7 10. e4 a5 11. a3 Nbd7 12. Qe2 Qc7 13. c4 dxe4 14. Nxe4 Nxe4 15.
dxe4 Nc5 16. Be5 1/2-1/2

[Event "Lliga Catalana DH"]
[Site "?"]
[Date "2018.02.03"]
[Round "3.4"]
[White "Martinez Lopez, Carlos "]
[Black "Torrecillas Martinez, Antonio (FOM)"]
[Result "1-0"]
[WhiteElo "2174"]
[BlackElo "2384"]
[PlyCount "79"]
[EventDate "2018.??.??"]
[WhiteTeam "PIP"]
[BlackTeam "FOM"]

1. e4 Nf6 2. e5 Nd5 3. c4 Nb6 4. d4 d6 5. exd6 exd6 6. Nc3 Be7 7. Be3 O-O 8. b3
Re8 9. Bd3 Bg5 10. Qf3 Nc6 11. Nge2 Bxe3 12. fxe3 Qg5 13. Kd2 Re7 14. h3 Be6
15. Qf4 Qxf4 16. Nxf4 Nb4 17. g4 Rae8 18. e4 Rd8 19. a3 Nxd3 20. Kxd3 c6 21. d5
Bc8 22. b4 Nd7 23. Kc2 c5 24. Nd3 b6 25. Rae1 Ba6 26. b5 Bc8 27. Re2 Rde8 28.
Rhe1 g6 29. a4 Kg7 30. Kb3 f6 31. a5 bxa5 32. Ra1 Ne5 33. Nxe5 Rxe5 34. Rxa5
R8e7 35. Rea2 h5 36. gxh5 g5 37. Rxa7 Bb7 38. b6 Kh6 39. Rf2 Rf7 40. Nb5 1-0

[Event "Lliga Catalana DH"]
[Site "?"]
[Date "2018.02.03"]
[Round "3.5"]
[White "Arias Boo, Guillermo "]
[Black "Garcia Castellote, Daniel "]
[Result "1/2-1/2"]
[WhiteElo "2359"]
[BlackElo "2166"]
[PlyCount "45"]
[EventDate "2018.??.??"]
[WhiteTeam "FOM"]
[BlackTeam "PIP"]

1. d4 Nf6 2. c4 g6 3. Nf3 Bg7 4. g3 O-O 5. Bg2 d6 6. O-O Nbd7 7. Nc3 e5 8. e4
exd4 9. Nxd4 Re8 10. h3 a6 11. Be3 Rb8 12. Rc1 c5 13. Nde2 Ne5 14. b3 b5 15. f4
Ned7 16. Qd3 b4 17. Nd5 Nxd5 18. cxd5 a5 19. Bf2 a4 20. Rfe1 axb3 21. axb3 Ra8
22. Rc2 Ra3 23. Nc1 1/2-1/2

[Event "Lliga Catalana DH"]
[Site "?"]
[Date "2018.02.03"]
[Round "3.6"]
[White "Subirachs Mancebo, Guillem "]
[Black "Garrido Fernandez, Daniel "]
[Result "1/2-1/2"]
[WhiteElo "2208"]
[BlackElo "2304"]
[PlyCount "124"]
[EventDate "2018.??.??"]
[WhiteTeam "PIP"]
[BlackTeam "FOM"]

1. e4 c5 2. b3 Nc6 3. Bb2 e5 4. Bc4 Nf6 5. Nc3 d6 6. Nge2 g6 7. O-O Bg7 8. f4
Nd4 9. d3 O-O 10. Nd5 Bg4 11. Nxf6+ Bxf6 12. Bxd4 cxd4 13. a4 Bg7 14. h3 Be6
15. f5 Bxc4 16. bxc4 Bh6 17. Qb1 Rb8 18. Qb4 Qc7 19. Rab1 Rfc8 20. Kh1 Qe7 21.
Rf3 Rc5 22. Rbf1 Rf8 23. c3 Bd2 24. Qb2 dxc3 25. Nxc3 Bxc3 26. Qxc3 f6 27. fxg6
hxg6 28. Qe1 Kg7 29. Qf2 b6 30. g4 Rcc8 31. Kg2 Rf7 32. h4 Rh8 33. Rh1 Qd7 34.
Kg3 g5 35. Rf5 Rh6 36. Rh3 Rxh4 37. Rxh4 gxh4+ 38. Kh3 Qxa4 39. g5 Qd7 40. g6
Kxg6 41. Qg2+ Kh7 42. Qg4 Rg7 43. Qxh4+ Kg8 44. Qxf6 Qe7 45. Qxe7 Rxe7 46. Rf6
Rd7 47. Kg4 a5 48. Re6 Kf7 49. Kf5 a4 50. Rh6 Kg7 51. Rh2 Kf7 52. Rh7+ Ke8 53.
Rh8+ Ke7 54. Ra8 Rd8 55. Ra7+ Rd7 56. Rxa4 Rb7 57. Rb4 Kd7 58. Rb2 Kc6 59. Ke6
Rh7 60. Rb5 Rh6+ 61. Ke7 Rh7+ 62. Ke6 Rh6+ 1/2-1/2

[Event "Lliga Catalana DH"]
[Site "?"]
[Date "2018.02.03"]
[Round "3.7"]
[White "Llaneza Vega, Patricia "]
[Black "Garcia Castellote, Oscar "]
[Result "1/2-1/2"]
[WhiteElo "2298"]
[BlackElo "2204"]
[PlyCount "85"]
[EventDate "2018.??.??"]
[WhiteTeam "FOM"]
[BlackTeam "PIP"]

1. e4 c5 2. Nc3 Nc6 3. Bb5 Nd4 4. Nf3 Nxb5 5. Nxb5 d6 6. d4 cxd4 7. Qxd4 a6 8.
Nc3 e5 9. Qd3 h6 10. Nd2 Nf6 11. Nc4 b5 12. Ne3 Be6 13. O-O Be7 14. a4 O-O 15.
Ncd5 Nxd5 16. Nxd5 Bxd5 17. Qxd5 b4 18. Bd2 Rb8 19. b3 Qb6 20. Be3 Qb7 21. Rfd1
Rfc8 22. Ra2 Kf8 23. Kf1 Qxd5 24. Rxd5 Rc6 25. Ke2 Rbc8 26. Kd1 Bg5 27. Bd2
Bxd2 28. Kxd2 Ke7 29. f3 Ke6 30. Kd1 f5 31. Rd3 fxe4 32. fxe4 Rf8 33. Rg3 g5
34. Rh3 Rf4 35. Rxh6+ Kf7 36. Rh7+ Kg6 37. Rb7 Rxe4 38. a5 Rd4+ 39. Ke2 Re4+
40. Kd1 Rd4+ 41. Ke2 Re4+ 42. Kd1 Rd4+ 43. Ke2 1/2-1/2

[Event "Lliga Catalana DH"]
[Site "?"]
[Date "2018.02.03"]
[Round "3.8"]
[White "Moya Arau, Carles"]
[Black "Chalmeta Ugas, Jordi "]
[Result "0-1"]
[WhiteElo "2153"]
[BlackElo "2293"]
[PlyCount "66"]
[EventDate "2018.??.??"]
[WhiteTeam "PIP"]
[BlackTeam "FOM"]

1. e4 e6 2. d4 d5 3. Nd2 c5 4. exd5 exd5 5. Ngf3 Nf6 6. c3 Be7 7. dxc5 Bxc5 8.
Be2 O-O 9. O-O Nc6 10. Nb3 Bb6 11. Bg5 Re8 12. Nbd4 Bg4 13. Be3 Bc7 14. h3 Bh5
15. Nh4 Qd6 16. g3 Nxd4 17. Bxh5 Rxe3 18. cxd4 Rxg3+ 19. fxg3 Qxg3+ 20. Ng2 Ne4
21. Rxf7 Qh2+ 22. Kf1 Qh1+ 23. Ke2 Qxg2+ 24. Ke3 g6 25. Rxc7 Qg3+ 26. Bf3 Qxc7
27. Qb3 Qf7 28. Rf1 Re8 29. Kd3 Qf5 30. Be2 Nc5+ 31. Kc3 Nxb3 32. Rxf5 gxf5 33.
Bh5 Re3+ 0-1

[Event "Lliga Catalana DH"]
[Site "?"]
[Date "2018.02.03"]
[Round "3.9"]
[White "De la Riva Aguado, Jordi "]
[Black "Cervello Tost, Roger"]
[Result "1-0"]
[WhiteElo "2309"]
[BlackElo "2103"]
[PlyCount "35"]
[EventDate "2018.??.??"]
[WhiteTeam "FOM"]
[BlackTeam "PIP"]

1. e4 e5 2. Nc3 Nf6 3. g3 d5 4. exd5 Nxd5 5. Bg2 Nxc3 6. bxc3 Nc6 7. Ne2 Be6 8.
O-O Bd5 9. f3 Bc5+ 10. d4 Bb6 11. Qd3 O-O 12. Kh1 exd4 13. cxd4 Na5 14. Rd1 Bc4
15. Qd2 Re8 16. Ng1 Bd5 17. c3 Nc4 18. Qd3 1-0

[Event "Lliga Catalana DH"]
[Site "?"]
[Date "2018.02.03"]
[Round "3.10"]
[White "Corriguelas Armillas, Federic "]
[Black "Lopez Santana, Oscar "]
[Result "0-1"]
[WhiteElo "2146"]
[BlackElo "2221"]
[PlyCount "92"]
[EventDate "2018.??.??"]
[WhiteTeam "PIP"]
[BlackTeam "FOM"]

1. e4 e6 2. d4 d5 3. Nd2 Be7 4. e5 c5 5. Ngf3 Nc6 6. c3 cxd4 7. cxd4 Qb6 8. Bd3
Bd7 9. Nb3 a5 10. a4 Bb4+ 11. Kf1 Nge7 12. Be3 Nf5 13. g4 Nxe3+ 14. fxe3 Be7
15. Kg2 Nb4 16. h4 Nxd3 17. Qxd3 Qb4 18. Qc3 Bxa4 19. Qxb4 axb4 20. Rhc1 Kd7
21. Nc5+ Bxc5 22. Rxc5 b6 23. Rcc1 h6 24. Kf2 Bb5 25. Ke1 Ra5 26. Kd2 Rha8 27.
Rab1 Ra2 28. Ne1 R8a3 29. Rc2 Rb3 30. g5 Bf1 31. gxh6 gxh6 32. Rbc1 Raxb2 33.
Rxb2 Rxb2+ 34. Rc2 Rb1 35. Rc1 Rxc1 36. Kxc1 Kc6 37. Kb2 Kb5 38. Kb3 Be2 39.
Ng2 Bd1+ 40. Kb2 Kc4 41. Nf4 Bf3 42. Kc2 Be4+ 43. Kb2 Bf5 44. h5 Be4 45. Kc1
Kc3 46. Ne2+ Kd3 0-1

[Event "Lliga Catalana DH"]
[Site "?"]
[Date "2018.02.03"]
[Round "3.1"]
[White "Asis Gargatagli, Hipolito "]
[Black "Fluvia Poyatos, Joan "]
[Result "1-0"]
[WhiteElo "2561"]
[BlackElo "2538"]
[PlyCount "77"]
[EventDate "2018.??.??"]
[WhiteTeam "SCU"]
[BlackTeam "SJO"]

1. e4 c5 2. Nc3 Nc6 3. Bb5 e5 4. Nge2 Bd6 5. a3 Nge7 6. Bc4 a6 7. O-O b5 8. Ba2
O-O 9. d3 Nd4 10. f4 Nxe2+ 11. Qxe2 exf4 12. e5 Bc7 13. Bxf4 Bb7 14. Ne4 Bxe4
15. Qxe4 Ng6 16. Bg3 Rb8 17. Rf5 Rb6 18. Raf1 Nh8 19. b4 cxb4 20. axb4 Rh6 21.
d4 Qe7 22. c3 a5 23. Qb7 Rc6 24. d5 Rb8 25. dxc6 Rxb7 26. cxb7 axb4 27. cxb4 d6
28. exd6 Bb6+ 29. Kh1 Qxb7 30. Rxb5 Qc6 31. Rbf5 Qd7 32. Bc4 g6 33. R5f3 Bd4
34. b5 Kg7 35. Rd3 Bf6 36. Rdd1 Bd8 37. b6 f6 38. Rb1 Qb7 39. Bd5 1-0

[Event "Lliga Catalana DH"]
[Site "?"]
[Date "2018.02.03"]
[Round "3.2"]
[White "Gallego Alcaraz, Andres Felipe"]
[Black "Alonso Bouza, Julio Javier"]
[Result "1-0"]
[WhiteElo "2452"]
[BlackElo "2373"]
[PlyCount "97"]
[EventDate "2018.??.??"]
[WhiteTeam "SJO"]
[BlackTeam "SCU"]

1. d4 Nf6 2. c4 g6 3. Nc3 Bg7 4. e4 d6 5. Nf3 O-O 6. Be2 e5 7. O-O Nc6 8. d5
Ne7 9. Ne1 Nd7 10. Be3 f5 11. f3 f4 12. Bf2 g5 13. a4 a5 14. Nd3 b6 15. b4 h5
16. c5 axb4 17. cxd6 bxc3 18. dxe7 Qxe7 19. Qb3 Rf7 20. Qxc3 g4 21. Qxc7 Qg5
22. Bxb6 gxf3 23. Bxf3 Ba6 24. Rfd1 Rc8 25. Qa7 Bxd3 26. Rxd3 Bf8 27. d6 Rc6
28. Bc7 Rc2 29. Kh1 Nc5 30. Rd5 Nb3 31. Rad1 Rg7 32. Qg1 Rd7 33. Rb1 Nd2 34.
Qd1 Nxf3 35. Qxc2 Nh4 36. Rg1 Kh7 37. Qf2 Ng6 38. a5 Rf7 39. d7 Be7 40. d8=Q
Bxd8 41. Bxd8 Qh6 42. Qd2 Qg7 43. Rd1 Nf8 44. Qe2 f3 45. gxf3 Ne6 46. Rg1 Qf8
47. Rxe5 Nf4 48. Qd2 Qa3 49. Qxf4 1-0

[Event "Lliga Catalana DH"]
[Site "?"]
[Date "2018.02.03"]
[Round "3.3"]
[White "Lillo Castany, Victor "]
[Black "Fluvia Poyatos, Jordi"]
[Result "1/2-1/2"]
[WhiteElo "2401"]
[BlackElo "2460"]
[PlyCount "38"]
[EventDate "2018.??.??"]
[WhiteTeam "SCU"]
[BlackTeam "SJO"]

1. e4 e6 2. d4 d5 3. Nd2 Nc6 4. Ngf3 Nf6 5. e5 Nd7 6. Be2 f6 7. exf6 Qxf6 8.
Nf1 Bd6 9. Ne3 O-O 10. O-O Qg6 11. c4 Nf6 12. c5 Be7 13. Bb5 Bd7 14. a4 a5 15.
Bxc6 Bxc6 16. Ne5 Qe8 17. Qc2 Bd7 18. b3 b6 19. Bb2 Rb8 1/2-1/2

[Event "Lliga Catalana DH"]
[Site "?"]
[Date "2018.02.03"]
[Round "3.4"]
[White "Porras Mateo, Felipe "]
[Black "Lerch Gallemi, Jose Mª"]
[Result "1-0"]
[WhiteElo "2448"]
[BlackElo "2322"]
[PlyCount "63"]
[EventDate "2018.??.??"]
[WhiteTeam "SJO"]
[BlackTeam "SCU"]

1. d4 Nf6 2. c4 e6 3. Nf3 Bb4+ 4. Bd2 a5 5. Bxb4 axb4 6. Nbd2 d6 7. e4 e5 8.
Be2 Qe7 9. O-O O-O 10. Qc2 c5 11. d5 Nh5 12. g3 Bg4 13. a3 Na6 14. Kg2 f5 15.
h3 Bxf3+ 16. Bxf3 g6 17. Bxh5 gxh5 18. exf5 Qg5 19. h4 Qg4 20. f3 Qxf5 21. Qxf5
Rxf5 22. axb4 cxb4 23. Ne4 Rd8 24. Ra5 Rd7 25. Rb5 Kf8 26. Ra1 Ke7 27. Rb6 Rf8
28. Ra5 Rc8 29. b3 h6 30. Rab5 Rcc7 31. Kf2 Kd8 32. Rxd6 1-0

[Event "Lliga Catalana DH"]
[Site "?"]
[Date "2018.02.03"]
[Round "3.5"]
[White "Mateos Rozas, Miguel A "]
[Black "Iglesias, Jorge"]
[Result "1-0"]
[WhiteElo "2295"]
[BlackElo "2382"]
[PlyCount "64"]
[EventDate "2018.??.??"]
[WhiteTeam "SCU"]
[BlackTeam "SJO"]

1. e4 c5 2. Nf3 d6 3. d4 cxd4 4. Nxd4 Nf6 5. Nc3 a6 6. Bc4 e6 7. Be3 b5 8. Bb3
b4 9. Na4 Bd7 10. Ne2 Bc6 11. f3 Nbd7 12. Nd4 Bb7 13. Qe2 Qc7 14. O-O-O d5 15.
Kb1 Be7 16. Bf2 dxe4 17. Bg3 Qa5 18. fxe4 O-O 19. e5 Nd5 20. Rhe1 Rad8 21. Qg4
Nc5 22. Nxc5 Qxc5 23. Rd3 Qb6 24. h4 Bc5 25. Bf2 Rfe8 26. h5 Nc7 27. Rg3 Bf8
28. Be3 Qc5 29. Nxe6 Qxe5 30. Nxd8 Rxd8 31. Qf4 Qxh5 32. Bc1 Bd6 1-0

[Event "Lliga Catalana DH"]
[Site "?"]
[Date "2018.02.03"]
[Round "3.6"]
[White "Gutierrez Clares, Joaquim"]
[Black "Romero Calderon, Juan"]
[Result "1-0"]
[WhiteElo "2326"]
[BlackElo "2301"]
[PlyCount "107"]
[EventDate "2018.??.??"]
[WhiteTeam "SJO"]
[BlackTeam "SCU"]

1. d4 e6 2. c4 d5 3. Nf3 c6 4. e3 Nf6 5. Nbd2 Nbd7 6. Bd3 Bd6 7. O-O O-O 8. e4
dxe4 9. Nxe4 Nxe4 10. Bxe4 h6 11. b3 Qa5 12. c5 Bb8 13. Bd2 Qc7 14. Re1 Rd8 15.
g3 e5 16. Nxe5 Nxe5 17. dxe5 Qd7 18. Ba5 Re8 19. Qxd7 Bxd7 20. f4 Kf8 21. Rad1
Ke7 22. Rd4 g6 23. Red1 Bg4 24. R1d2 Rc8 25. Rb4 b6 26. cxb6 axb6 27. Bxb6 Ba7
28. a4 Bd7 29. Kf2 Bxb6+ 30. Rxb6 Rab8 31. Rxb8 Rxb8 32. Bc2 Be6 33. Rd1 c5 34.
Rb1 Bd5 35. Ke3 Ke6 36. Kd2 g5 37. Kc3 gxf4 38. gxf4 Rb4 39. Rf1 Be4 40. Bxe4
Rxe4 41. a5 Kd7 42. a6 Kc7 43. Ra1 Kb8 44. Ra4 Re2 45. a7+ Ka8 46. Kc4 Rxh2 47.
Kxc5 h5 48. Kb6 Rb2 49. b4 h4 50. b5 Rg2 51. f5 Rg8 52. Rxh4 Rf8 53. Kc7 Re8
54. b6 1-0

[Event "Lliga Catalana DH"]
[Site "?"]
[Date "2018.02.03"]
[Round "3.7"]
[White "Brusi Noguera, Ricard Ll"]
[Black "Fernandez Madrid, Carlos "]
[Result "1/2-1/2"]
[WhiteElo "2310"]
[BlackElo "2242"]
[PlyCount "115"]
[EventDate "2018.??.??"]
[WhiteTeam "SCU"]
[BlackTeam "SJO"]

1. d4 d6 2. Nf3 Nf6 3. c4 g6 4. Nc3 Bg7 5. e4 O-O 6. h3 a6 7. a4 c5 8. d5 e6 9.
Bd3 exd5 10. cxd5 Nbd7 11. O-O Qc7 12. Bf4 Rb8 13. Nd2 Nh5 14. Bh2 Ne5 15. Be2
c4 16. g4 Nf6 17. Bxe5 dxe5 18. Nxc4 b5 19. axb5 axb5 20. Nd2 b4 21. Na4 h5 22.
Kg2 hxg4 23. hxg4 Bh6 24. f3 Bf4 25. Rh1 Kg7 26. Nb3 Bd7 27. Nac5 Rh8 28. Na6
Rxh1 29. Qxh1 Qc2 30. Qd1 Rc8 31. Nxb4 Qxb2 32. Nd3 Qc3 33. Nxf4 exf4 34. Rc1
Qb2 35. Rxc8 Bxc8 36. Kf1 g5 37. Nc5 Qc3 38. Nd3 Ba6 39. Qc1 Qa5 40. Qb2 Bxd3
41. Bxd3 Qc5 42. Kg2 Qe3 43. Bb5 Kg6 44. Qe2 Qc5 45. Bc4 Nd7 46. e5 Nb6 47.
Bd3+ Kg7 48. d6 Nd5 49. Qe4 Ne3+ 50. Kh3 Kf8 51. Qa8+ Kg7 52. Qe4 Kf8 53. Qh7
Qxe5 54. Qh6+ Ke8 55. Be4 Kd7 56. Qh7 Kxd6 57. Qxf7 Qh8+ 58. Qh5 1/2-1/2

[Event "Lliga Catalana DH"]
[Site "?"]
[Date "2018.02.03"]
[Round "3.8"]
[White "Barcelo Sola, David "]
[Black "Sierra Montoya, Miquel"]
[Result "0-1"]
[WhiteElo "2178"]
[BlackElo "2276"]
[PlyCount "104"]
[EventDate "2018.??.??"]
[WhiteTeam "SJO"]
[BlackTeam "SCU"]

1. e4 c5 2. Nf3 a6 3. c3 e6 4. d4 d5 5. e5 Nc6 6. Bd3 Qb6 7. dxc5 Bxc5 8. O-O
Qc7 9. Re1 Nge7 10. Bf4 Ng6 11. Bg3 Bd7 12. Nbd2 b5 13. Qe2 O-O 14. h4 h6 15.
Nb3 Bb6 16. Nfd4 Qa7 17. Qg4 Nge7 18. Rad1 f5 19. exf6 Rxf6 20. Rd2 e5 21. Nxc6
Nxc6 22. Qh5 Raf8 23. Rf1 Be8 24. Qe2 e4 25. Bb1 Rf5 26. Rxd5 Rxd5 27. Qxe4
Rdf5 28. Qe6+ R5f7 29. Qg6 Rf6 30. Qh7+ Kf7 31. h5 Ne7 32. Bh4 Nd5 33. Bg6+ Ke6
34. Bxe8 Bxf2+ 35. Bxf2 Rxf2 36. Nd4+ Qxd4 37. cxd4 Rxf1+ 38. Kh2 Nf6 39. Qxg7
Nxe8 40. Qxh6+ R8f6 41. Qe3+ Kf7 42. Qd3 R1f5 43. Qb3+ Kg7 44. g4 Rf2+ 45. Kg1
R2f4 46. Qg3 Nd6 47. g5 R6f5 48. g6 Ne4 49. h6+ Kxh6 50. g7 Nxg3 51. g8=Q Ne2+
52. Kh2 Rh5+ 0-1